000 01009nac a22003137a 4500
001 BR0704698
003 BR-BrBNA
005 20240105123503.0
008 230509b bl.|||m| |||| 00| 0 por d
040 _aBR-BrBNA
_bpor
_cBiblioteca Nacional de Agricultura
072 _aK10
090 _aK10 BR0704698
100 1 _aNegreiros, O.C. de
100 1 _aCarvalho, C.T. de
100 1 _aCesar, S.F.
100 1 _aDuarte, F.R.
100 1 _aDeshler, W.O.
100 1 _aThelen, K.D.
110 1 _aInstituto Florestal, São Paulo, SP (Brasil)
_96362
245 1 _aPlano de manejo para o Parque Estadual da Ilha do Cardoso
260 3 _aSão Paulo, SP (Brasil):
_c1974.
300 _a56 p.
490 _aBoletim Técnico - Instituto Florestal (Brazil)
_vno. 9
_x
500 _a7 illus.; 12 ref.; Summary (Pt); Documento microfilmado e tratado BR7375613
650 _aPRODUÇÃO FLORESTAL
650 _aPARQUE ESTADUAL
909 _a202312
_bLúcia Elande
_c55
_dLúcia Elande
942 _2AGRIS
_n0
_cMS
999 _c295687
_d295687